Globalization, multilateralism, regionalism: from dilema to multi-dimensionality
Globalizácia, multilateralizmus a regionalizmus ako najvýraznejšia tendencia súčasnej svetovej ekonomiky. Ich vzájomný vzťah bol doposiaľ skúmaný najmä ako rozpor medzi celosvetovým voľným obchodom a fragmentáciou svetovej ekonomiky do vzájomne súťažiacich blokov. V súčasnosti sa regionalizmus a mul...
Na minha lista:
| Autor principal: | |
|---|---|
| Formato: | Capítulo de Livro |
| Idioma: | inglês |
| Assuntos: | |
| Tags: |
Sem tags, seja o primeiro a adicionar uma tag!
|
MARC
| LEADER | 00000naa$a2200000$$$4500 | ||
|---|---|---|---|
| 001 | 0076813 | ||
| 005 | 20231116104626.2 | ||
| 041 | 0 | |a eng | |
| 044 | |a CZ | ||
| 245 | 1 | 0 | |a Globalization, multilateralism, regionalism: from dilema to multi-dimensionality |c Pavel Hnát |
| 520 | |a Globalizácia, multilateralizmus a regionalizmus ako najvýraznejšia tendencia súčasnej svetovej ekonomiky. Ich vzájomný vzťah bol doposiaľ skúmaný najmä ako rozpor medzi celosvetovým voľným obchodom a fragmentáciou svetovej ekonomiky do vzájomne súťažiacich blokov. V súčasnosti sa regionalizmus a multilateralizmus chápu ako dve kompatibilné dimenzie širších snáh o celkovú ekonomickú reformu globalizovaného svetového poriadku. Analýza vývoja tejto interakcie a podmienky nového multi-dimenziálneho usporiadania. | ||
| 610 | 2 | 0 | |a regionalizácia |
| 610 | 2 | 0 | |a liberalizácia |
| 610 | 2 | 0 | |a reformy hospodárske |
| 610 | 2 | 0 | |a spolupráca hospodárska medzinárodná |
| 610 | 2 | 0 | |a globalizácia |
| 610 | 2 | 0 | |a hospodárstvo svetové |
| 100 | 1 | |a Hnát, Pavel | |